000 01627nam a2200397 c 4500
003 BLK
005 20180420231448.0
008 180409b bul|||||r ||||||| ||bul||
010 _aKNG00125902000
040 _aBLK
041 _aBUL
_cBUL
080 _aГеография на България
_b913(497.2)
_x(234.423.1)(036)
_z913(497.2)(234.423.1)(036)
100 1 _aАндреев, Александър Харалампиев
_eпърви автор
_9296534
139 _aАндреев, Александър Харалампиев
_bА 66
245 1 0 _aИз Средна Рила
_bТурист. маршрут
_cАлександър Харалампиев Андреев.
257 _aBGR
260 София
_bМедицина и физкултура
_c1970
_fПловдив : Д. Благоев
300 _a48 с.
_bс ил., к.
_c18 см
380 _a91
490 1 _aМалка туристическа библиотека
500 _aБиблиогр. с. 47.
650 4 _aРила (пл.) - пътеводители
_9297672
650 4 _aТуризъм - България - маршрути
_9296535
651 4 _aРила
_9179442
651 4 _aБългария
_9241624
653 _aРила
653 _aпланини
653 _aтуристически дестинации
653 _aтуристически маршрути
653 _aпътеводители
852 _aЦб І 11591
856 4 _qpdf
_u
856 4 _qpdf
_u
942 _cKNG
_n0
944 _aCR
_c11.10.2011
_l11.10.2011 - от С1,Р / 11.10.2011
_kВиолета_Тройчева
944 _aED
_c15.12.2016
_l11.10.2011 - от С1,Р / 11.10.2011
_k
999 _c120286
_d120286